Statistics for Equatorial Countries with an empty Map

Click here to take the quiz!

General Stats

  • This quiz has been taken 175 times
  • The average score is 10 of 11

Answers on the Map

Answers color-coded by a green-red scale on the quiz's map according to % correct below.
Loading ...
 

Answer Stats

Country% Correct
Brazil
100%
Democratic Republic of the Congo
98%
Colombia
97%
Ecuador
97%
Republic of the Congo
97%
Kenya
95%
Indonesia
94%
Uganda
93%
Gabon
90%
Somalia
73%
São Tomé and Príncipe
64%

Score Distribution

Percentile by Number Answered

Percent of People with Each Score

Your Score History

You have not taken this quiz